Normal view
MARC view
- Khan, Amanullah
Entry Personal Name
001 - CONTROL NUMBER
- control field: 15350
003 - CONTROL NUMBER IDENTIFIER
- control field: NUST
005 - DATE AND TIME OF LATEST TRANSACTION
- control field: 20190622114645.0
008 - FIXED-LENGTH DATA ELEMENTS
- fixed length control field: 190622|| aca||aabn | a|a d
040 ## - CATALOGING SOURCE
- Original cataloging agency: NUST
- Transcribing agency: NUST
100 ## - HEADING--PERSONAL NAME
- Personal name: Khan, Amanullah
670 ## - SOURCE DATA FOUND
- Source citation: Work cat.: (NUST): Khan, Amanullah, Mukar gaiaan ne chhavaan /
